000 01340ngm a22003730a 4500
001 PT43889
003 AR-LpoUNG
005 20210201235943.0
007 vd cvaizq
008 191001s[201||||ag |||||||||||||||||spa d
040 _aAR-LpoUNG
_bspa
_cAR-LpoUNG
_eaacr
041 _aspa
044 _aag
082 0 _a302.1 617v5
100 1 _aBirri, Fernando
_edir.
245 1 0 _aOrg
260 _aRosario :
_bISCAA - ATE,
_c[2011].
300 _aDVD (177 min.) : son., byn
505 0 _aHecha en 1967-78, Italia. Guión: Fernando Birri. - Producción: Terence Hill. - Fotografía: Mario Masini, Ugo Piccone, Mario Vulpiani, Houston Simmons, Cesare Ferzi. - Música: Enrico Rava. - Sonido: Sergio Pagoni, Fernando Birri. Elenco: Terence Hill, Lidija Juracik, Isáac Tweg Obn, Nolika Pareda, Pietro Santalamazza, Francesco Di Giacomo
520 _aFilme experimental inspirado en una antigua leyenda hindú. El dilema de la lavandera. ¿Qué es Org?: "organismo, orgía, orgánico, orgullo, organización..."
650 4 _aARGENTINA
650 4 _aCULTURA
650 4 _aITALIA
650 4 _aMARGINALIDAD
650 4 _aPOBREZA
650 4 _aPROBLEMAS SOCIALES
651 4 _aArgentina
653 _aCINE ARGENTINO
653 _aDOCUMENTALES
653 _aDVD
653 _aVIDEOS
905 _a43889
942 _cDVD
999 _c53835
_d53835